[Event "Stay Safe Play From Home 299"]
[Site "Emanuel Lasker Arena"]
[Date "2020.07.13"]
[Round "2"]
[White "Mepe_Nika"]
[Black "Lamborghini"]
[Result "1-0"]
[WhiteElo "2407"]
[BlackElo "2159"]
[Annotator "TA"]
[PlyCount "99"]
[EventDate "2020.07.13"]
[EventType "swiss (blitz)"]

{[%evp 16,99,27,16,41,30,80,77,81,78,88,88,82,45,38,0,16,-185,-194,-302,-187,-185,-190,-206,-127,-127,-101,-102,-97,-98,719,702,29974,12830,12817,4347,29991,945,1174,948,12833,1340,29993,5883,29994,5617,29999,792,798,752,5266,5126,1436,869,1092,1057,1096,1073,1126,1078,1055,1016,5410,6095,1912,1388,4890,1071,1564,1157,29985,29986,29989,29990,29990,29990,29991,29991,29991,29992,29992,29993,29993,29993,29996,29995]} 1. c4 c5 2. Nf3 b6 3. b3 Bb7 4. e3 e6 5. Bb2 Nf6 6. Be2 Be7 7. O-O O-O 8. d4 $1 {The main line 8.d4 scores better than 8.Nc3.} cxd4 9. Nxd4 d6 {A30: Symmetrical English: Double Fianchetto and Hedgehog.} 10. Bf3 {[#]} Bxf3 $146 ({Predecessor:} 10... Qc8 11. Nc3 Nc6 12. Nc2 Rd8 13. Qe2 Ne5 14. Bxb7 Qxb7 15. Rfd1 a6 16. Rd2 Rac8 17. Rad1 {½-½ (69) Vachier Lagrave,M (2780)-Socko,B (2618) Moscow 2019}) 11. Qxf3 Na6 {[%cal Bb8a6,Ba6c5,Bc5a4][%mdl 32] White is better.} 12. Nc6 Qd7 13. Nxe7+ Qxe7 14. Nd2 Nc5 15. b4 Na4 16. Bd4 $2 (16. Bxf6 $11 Qxf6 17. Qxf6 gxf6 18. Ne4) 16... e5 $19 17. Qc6 (17. Qd1 {was necessary.} exd4 18. Qxa4 dxe3 19. Rfe1) 17... exd4 18. Qxa4 dxe3 19. Nf3 exf2+ 20. Rxf2 Ng4 {[#] Strongly threatening ...Qe3.} 21. Re1 Qc7 22. Rc2 Rae8 $2 {[%mdl 8192]} (22... Nf6 $17) 23. Rxe8 $18 d5 24. Rxf8+ (24. cxd5 $142 Qb7 25. Rxf8+ Kxf8 26. Qc6 Qxc6 27. dxc6 Ne3 {[#]} 28. c7 $1 {[%mdl 512]} Nxc2 29. c8=Q+ {[%mdl 64] Double Attack} Ke7 30. Qxc2) 24... Kxf8 25. cxd5 Qf4 26. Qb3 (26. Rc8+ $142 Ke7 27. Qxa7+ {[%mdl 64] Double Attack} Kf6 28. Rc6+ {[%mdl 64] Double Attack} Qd6 29. Rxd6+ Kf5 30. Qxf7+ {[%mdl 64] Double Attack} Ke4 31. Qxg7) 26... g5 27. Qc3 h5 28. h3 Ne3 29. Qh8+ Ke7 30. Re2 (30. Rc8 $142 Qd6 31. Ne5 Qxd5 32. Re8+ Kd6 33. Qf8+ {[%mdl 64] Double Attack} Kc7 34. Qe7+ {[%mdl 64] Double Attack} Qd7 35. Qxd7#) 30... Kd6 31. Qd4 (31. Qd8# $142) 31... Qxd4 32. Nxd4 Nc4 33. Nf5+ Kxd5 34. Re7 Na3 35. Rxa7 Nb5 36. Rxf7 Nc3 37. Ne7+ Ke6 38. Rf3 Ne2+ 39. Kf2 Nd4 40. Re3+ Kd6 41. Nf5+ Nxf5 {[%mdl 4096] Endgame KR-KN} 42. Rd3+ Nd4 43. Rxd4+ {KR-K3P. White mates.} Ke5 44. Ke3 g4 45. hxg4 h4 46. g5 h3 47. gxh3 Kf5 48. h4 Kg6 49. b5 Kh5 50. Rd6 {Quite a comeback for White. Accuracy: White = 49%, Black = 28%.} 1-0

[Event "Stay Safe Play From Home 299"]
[Site "Emanuel Lasker Arena"]
[Date "2020.07.13"]
[Round "2"]
[White "Weltszmerc"]
[Black "Lazieri3"]
[Result "1-0"]
[WhiteElo "2180"]
[BlackElo "2075"]
[Annotator "TA"]
[PlyCount "35"]
[EventDate "2020.07.13"]
[EventType "swiss (blitz)"]

{[%evp 9,34,0,40,17,76,79,162,95,132,102,154,79,430,368,354,345,505,502,697,702,2148,452,1420,1005,29998,29999,29999]} 1. d4 c6 2. c4 d5 3. Nf3 Nf6 4. g3 Bf5 5. Qb3 Qc8 6. cxd5 {[#] D11: Slav Defence: 3 Nf3 sidelines and 3...Nf6 4 e3 Bg4.} Nxd5 $146 (6... cxd5 $11 {remains equal.} 7. Bf4 e6) ({Predecessor:} 6... cxd5 7. Nc3 e6 8. Bf4 Nc6 9. Rc1 Be7 10. Bg2 O-O 11. O-O Nh5 12. Be3 Nf6 13. Nh4 {1-0 (30) Martinez Ramirez,L (2410)-Bajarani,U (2540) Moscow 2016}) 7. Bg2 b6 (7... Nd7 $16 {keeps fighting.}) 8. Nc3 (8. O-O $18) 8... Nxc3 9. bxc3 Bh3 (9... Be6 $142 10. c4 Bh3 11. Bxh3 Qxh3) 10. O-O ({Better is} 10. Bxh3 Qxh3 11. Qxf7+ {[%mdl 64] Decoy} Kxf7 12. Ng5+ {[%mdl 64] Double Attack} Kg8 13. Nxh3) 10... h5 $2 {[%mdl 8192]} (10... Bxg2 $16 11. Kxg2 e6) 11. Ne5 Be6 12. d5 Bxd5 (12... cxd5 $142 13. Bxd5 Nd7) 13. Bxd5 $18 cxd5 14. Qxd5 {[%mdl 64] [#] Double Attack} Nd7 15. Nxd7 (15. Qxf7+ $142 Kd8 {[#]} 16. Rd1 $1 {[%mdl 512]}) 15... Qd8 (15... e6 $142 16. Qf3 Kxd7 17. Qxf7+ Kc6 18. Qf3+ Kc7) 16. Qc6 {[%csl Gc6][%cal Rd7f6]} f6 17. Ne5+ Qd7 18. Qxd7# {White took control after the opening. Accuracy: White = 40%, Black =  9%.} 1-0

[Event "Stay Safe Play From Home 299"]
[Site "Emanuel Lasker Arena"]
[Date "2020.07.13"]
[Round "2"]
[White "Bardellosport"]
[Black "Souchov"]
[Result "1-0"]
[WhiteElo "2047"]
[BlackElo "2023"]
[Annotator "TA"]
[PlyCount "109"]
[EventDate "2020.07.13"]
[EventType "swiss (blitz)"]

{[%evp 9,108,13,16,0,35,41,53,36,103,47,160,51,43,45,50,55,350,139,196,197,218,183,285,34,34,47,127,122,194,197,201,184,186,167,163,155,164,165,168,-4,142,143,218,195,216,174,354,133,201,179,206,205,368,362,503,505,533,532,610,439,731,123,115,129,137,163,240,237,6756,3426,3057,2731,29986,29987,29986,29979,29986,29987,3958,3338,29990,29990,29995,29994,29997,29996,29997,29995,29995,29995,29995,29995,29995,29996,29996,29997,29997,29998,29998,29999,29999]} 1. e4 e5 2. d3 d5 3. Nd2 dxe4 4. dxe4 Nc6 5. Ngf3 {[#]} Bc5 $146 ({Predecessor:} 5... a6 6. Bc4 Bg4 7. h3 Bh5 8. c3 Nf6 9. g4 Bg6 10. Qe2 Bd6 11. h4 h5 {0-1 (31) Gardian,A (1709)-Majewski,K (1805) Szklarska Poreba 2020}) 6. Be2 {C20: 1 e4 e5: Unusual White second moves.} (6. a4 {feels hotter.} Nf6 7. Bb5 O-O 8. c3 Qe7 9. O-O) 6... Be6 (6... Nf6 {is interesting.} 7. c3 a5 8. Qc2 Qe7 9. Nc4 O-O) 7. O-O Nge7 8. c3 {White is slightly better.} Qd7 (8... Ng6 $14) 9. Qc2 (9. b4 $16 Bd6 10. Ng5) 9... O-O-O (9... a5 $14) 10. Nb3 (10. b4 $16 Bd6 11. b5) 10... Bb6 $14 11. Be3 Bxe3 12. fxe3 {Hoping for Nc5.} f5 $2 {[%mdl 8192]} (12... Kb8 $14) 13. exf5 $2 (13. Nc5 $18 Qd6 14. b4) 13... Bxf5 (13... Bxb3 $16 14. axb3 (14. Qxb3 Qxf5 15. Rae1 Qg6 $11) 14... Nxf5) 14. e4 $18 Bg6 15. Nc5 Qe8 (15... Qd6 $142 16. b4 Nd5) 16. Ne6 $2 ({Much less strong is} 16. Qb3 b6 $18) (16. Qa4 $18 Kb8 17. Bb5) 16... Rd6 $14 17. Nxg7 Qg8 (17... Qf8 $1 $14 18. Nf5 Nxf5 19. exf5 Bxf5) 18. Nf5 $16 Nxf5 (18... Bxf5 $16 19. exf5 Nd5) 19. exf5 $18 Bf7 20. Bb5 Qg7 21. Bxc6 Rxc6 22. Rae1 Re8 23. g3 Bd5 24. Qe2 $2 ({White should try} 24. Qa4 $18) 24... e4 (24... Bc4 $11 25. Qe4 Bxf1 26. Rxf1 Qh6) 25. Nd4 Bc4 (25... Rf6 $16 26. c4 Ra6) 26. Qe3 Rf6 27. Rf2 Bd3 $2 (27... Qf7 {might work better.} 28. b3 Bd3) 28. Qf4 $2 (28. Ne6 $18 Rfxe6 29. fxe6) 28... Ra6 (28... Qf7 $16 29. b3 h5) 29. a3 Rf6 30. g4 h5 $2 (30... Rg8) 31. g5 Rff8 32. f6 Qg6 33. h4 Rf7 34. Nf5 Ref8 (34... Rxf6 $142 35. Ne7+ Rxe7 36. Qxf6 Qxf6 37. Rxf6 Kd8) 35. Nh6 $2 $40 {[%mdl 128] White has strong attack.} (35. Qe5 $18 {Strongly threatening Ne7+.} e3 36. Nxe3) 35... Rxf6 $16 36. Qxf6 Rxf6 37. Rxf6 Qg7 (37... Qe8 {was called for.} 38. Nf5 b6) 38. Nf5 $18 Qg8 $2 (38... Qh8 39. Ne7+ Kd7) 39. Ne7+ {[%mdl 64] [#] Double Attack} Kd7 40. Nxg8 Kd8 41. Rf4 Kd7 42. Kf2 Ke6 43. Ke3 Kd5 44. Nf6+ {[%mdl 64] [#] Double Attack} Kc4 45. Nxe4 {White mates.} Kb3 46. Kxd3 Kxb2 47. g6 Kxa3 48. Kd4 Ka4 49. Ke5 Kb5 50. g7 a6 51. g8=Q Kb6 52. Qd5 {[%csl Ge4][%cal Rd5c5]} Ka7 53. Qc5+ {[%mdl 64] Double Attack} b6 54. Qxc7+ Ka8 55. Rf8# {Accuracy: White = 57%, Black = 20%.} 1-0

[Event "Stay Safe Play From Home 299"]
[Site "Emanuel Lasker Arena"]
[Date "2020.07.13"]
[Round "2"]
[White "Sfantul321"]
[Black "AChessPlayer"]
[Result "0-1"]
[WhiteElo "2013"]
[BlackElo "2336"]
[Annotator "NA RC"]
[PlyCount "100"]
[EventDate "2020.07.13"]
[EventType "swiss (blitz)"]

1. c4 {[%emt 0:00:01]} Nf6 {[%emt 0:00:01]} 2. Nc3 {[%emt 0:00:00]} g6 {[%emt 0:00:00]} 3. g3 {[%emt 0:00:01]} Bg7 {[%emt 0:00:01]} 4. Bg2 {[%emt 0:00:00]} O-O {[%emt 0:00:00]} 5. e3 {[%emt 0:00:00]} d6 {[%emt 0:00:00]} 6. Nge2 {[%emt 0:00:00]} c5 {[%emt 0:00:00]} 7. O-O {[%emt 0:00:01]} Nc6 {[%emt 0:00:01]} 8. h3 {[%emt 0:00:00]} a6 {[%emt 0:00:00]} 9. d3 {[%emt 0:00:01]} Rb8 {[%emt 0:00:01]} 10. a4 {[%emt 0:00:01]} Be6 {[%emt 0:00:02]} 11. Nd5 {[%emt 0:00:02]} Bxd5 {[%emt 0:00:02]} 12. cxd5 {[%emt 0:00:01]} Nb4 {[%emt 0:00:00]} 13. e4 {[%emt 0:00:01]} a5 {[%emt 0:00:01]} 14. Nc3 {[%emt 0:00:01]} Ne8 {[%emt 0:00:01]} 15. Nb5 {[%emt 0:00:01]} Nc7 {[%emt 0:00:00]} 16. Nc3 {[%emt 0:00:02]} b5 {[%emt 0:00:01]} 17. axb5 {[%emt 0:00:01]} Nxb5 {[%emt 0:00:00]} 18. Nxb5 {[%emt 0:00:01]} Rxb5 {[%emt 0:00:00]} 19. Rb1 {[%emt 0:00:00]} Qb6 {[%emt 0:00:01]} 20. Be3 {[%emt 0:00:01]} a4 {[%emt 0:00:00]} 21. Qd2 {[%emt 0:00:01]} Ra8 {[%emt 0:00:01]} 22. Ra1 {[%emt 0:00:01]} Rba5 {[%emt 0:00:03]} 23. d4 {[%emt 0:00:01]} cxd4 {[%emt 0:00:02]} 24. Bh6 {[%emt 0:00:02]} Bxh6 {[%emt 0:00:02]} 25. Qxh6 {[%emt 0:00:01]} d3 {[%emt 0:00:00]} 26. Rfd1 {[%emt 0:00:01]} Rc5 {[%emt 0:00:01]} 27. Qe3 {[%emt 0:00:03]} Qb5 {[%emt 0:00:02]} 28. Qd2 {[%emt 0:00:01]} Rc2 {[%emt 0:00:01]} 29. Qg5 {[%emt 0:00:01]} f6 {[%emt 0:00:03]} 30. Qe3 {[%emt 0:00:02]} Qc5 {[%emt 0:00:01]} 31. Qxc5 {[%emt 0:00:01]} dxc5 {[%emt 0:00:00]} 32. Rab1 {[%emt 0:00:01]} c4 {[%emt 0:00:01]} 33. Bf1 {[%emt 0:00:01]} a3 {[%emt 0:00:01]} 34. bxa3 {[%emt 0:00:01]} Na2 {[%emt 0:00:00]} 35. Rb7 {[%emt 0:00:03]} Nc3 {[%emt 0:00:01]} 36. Ra1 {[%emt 0:00:02]} Kf8 {[%emt 0:00:01]} 37. d6 {[%emt 0:00:01]} exd6 {[%emt 0:00:01]} 38. f4 {[%emt 0:00:01]} Rc8 {[%emt 0:00:02]} 39. a4 {[%emt 0:00:02]} d2 {[%emt 0:00:00]} 40. a5 {[%emt 0:00:03]} Rc1 {[%emt 0:00:00]} 41. Rxc1 {[%emt 0:00:04]} dxc1=Q {[%emt 0:00:00]} 42. a6 {[%emt 0:00:00]} Qa1 {[%emt 0:00:01]} 43. a7 {[%emt 0:00:01]} Ne2+ {[%emt 0:00:01]} 44. Kf2 {[%emt 0:00:01]} Qd4+ {[%emt 0:00:01]} 45. Kxe2 {[%emt 0:00:01]} Qxe4+ {[%emt 0:00:01]} 46. Kf2 {[%emt 0:00:01]} Qxb7 {[%emt 0:00:00]} 47. a8=Q {[%emt 0:00:01]} Qb6+ {[%emt 0:00:01]} 48. Kf3 {[%emt 0:00:02]} Rxa8 {[%emt 0:00:00]} 49. Bxc4 {[%emt 0:00:00]} Ra2 {[%emt 0:00:00]} 50. Ke4 {[%emt 0:00:01]} Ra3 {[%emt 0:00:00] Time (Lag: Av=0.55s, max=1.4s)} 0-1

[Event "Stay Safe Play From Home 299"]
[Site "Emanuel Lasker Arena"]
[Date "2020.07.13"]
[Round "2"]
[White "Cirovicz"]
[Black "Greblha"]
[Result "1-0"]
[WhiteElo "1931"]
[BlackElo "1877"]
[Annotator "TA"]
[PlyCount "103"]
[EventDate "2020.07.13"]
[EventType "swiss (blitz)"]

{[%evp 11,103,0,0,-4,22,-141,-21,-5,0,-108,-51,-59,-50,-49,-50,-514,-144,-728,-389,-408,-32,-41,0,0,0,0,0,-8,45,16,17,17,17,17,14,13,25,16,18,16,25,15,25,10,25,10,11,-20,-20,-20,-20,-20,-20,-22,-20,-22,0,0,0,0,0,0,0,0,0,0,0,0,20,20,21,21,4952,21,26,21,29967,29969,29967,29957,29960,29946,12825,5335,12527,12486,8754,5945,12469,4533,12598,-8,-8,-29987]} 1. e4 c6 2. d4 d5 3. exd5 cxd5 4. c4 Nf6 5. Nc3 Nc6 6. cxd5 Nxd5 7. Bc4 {B13: Caro-Kann: Exchange Variation and Panov-Botvinnik Attack.} e6 8. Qf3 $2 ({White should try} 8. Nf3 $11) 8... Nxc3 (8... Nxd4 $17 9. Qd1 Nb4) 9. bxc3 $11 {[#]} Be7 $146 ({Predecessor:} 9... Bd6 10. Ne2 Qf6 11. Qh5 g6 12. Qh6 Bd7 13. Bg5 Qf5 14. O-O Bf8 15. Qh4 Be7 16. Bxe7 Nxe7 17. Ng3 Qa5 18. Ne4 Bc6 19. Nd6+ Kf8 20. Qf6 {1-0 (20) Mikhailovsky,V (2228)-Mahajan,R (2151) chess.com INT 2020}) 10. d5 (10. Ne2 $11 {remains equal.}) 10... exd5 (10... Ne5 $17 11. Bb5+ Kf8) 11. Bxd5 $15 O-O {[#] Hoping for ...Ne5.} 12. Bxc6 bxc6 13. Qxc6 $2 {[%mdl 8192]} (13. Ne2 $1 $15) 13... Be6 $2 (13... Bg4 $19 {[%csl Gg4][%cal Rd8d1] is more deadly.} 14. Qa4 Bf6 15. Qxg4 Re8+ 16. Be3 Bxc3+ 17. Ke2 Bxa1) 14. Be3 $2 {[%mdl 8192]} (14. Ne2 $17) 14... Rc8 15. Qf3 Qa5 $2 (15... Bd5 $19 16. Qh3 Rxc3) 16. Ne2 Bf6 (16... Rxc3 {looks sharper.} 17. O-O Ra3 18. Rfd1 Bg5 19. Nf4 Bb3) 17. O-O Bxc3 18. Nxc3 Qxc3 19. Rac1 Qf6 (19... Qa3 $11) 20. Rxc8 Rxc8 21. Qxf6 gxf6 22. Bxa7 $14 {[%mdl 4096] Endgame KRB-KRB} Ra8 23. Bd4 f5 24. Rc1 Bxa2 25. Ra1 h6 26. g3 Kh7 27. h3 Kg6 28. Kh2 h5 29. g4 fxg4 30. hxg4 hxg4 31. Kg3 Kf5 32. Be3 Ra3 33. Rc1 f6 34. Rc5+ Ke4 35. Kxg4 Be6+ 36. Kh4 f5 37. Rc6 Bd5 38. Rc8 f4 39. Re8+ Kd3 40. Bxf4 {Threatens to win with Re3+.} Ra4 41. Re3+ Kd2 $2 {[%mdl 8192]} (41... Kc2 $11) 42. Kg3 $2 (42. Re4+ $1 $18 Kd3 43. Rxa4) 42... Kc2 $11 43. Re5 (43. Re2+ {with more complications.} Kd3 44. Rd2+ Kc4 45. Be3 Rb4 46. Rd1) 43... Rc4 $2 {[%mdl 8192] [#]} (43... Ra3+ $11 44. Be3 Rd3) 44. Rxd5 {KRB-KR} Kb3 45. Rd2 Ka4 46. Rd3 Kb5 47. Rb3+ Kc6 48. f3 Kd5 49. Kg4 Rc2 50. Rd3+ Kc4 51. Rd4+ $2 ({Better is} 51. Rd2 $18 Rc3 52. Be5) 51... Kxd4 52. Be5+ $2 {[%mdl 40960] What a fight! Accuracy: White = 59%, Black = 54%. . Loss on time!?} (52. Kf5 $11) 1-0

[Event "Stay Safe Play From Home 299"]
[Site "Emanuel Lasker Arena"]
[Date "2020.07.13"]
[Round "2"]
[White "Chase the sun"]
[Black "Trotsky"]
[Result "0-1"]
[WhiteElo "1811"]
[BlackElo "1580"]
[Annotator "NA RC"]
[PlyCount "52"]
[EventDate "2020.07.13"]
[EventType "swiss (blitz)"]

{Lerch, Martin Erik} 1. e4 {[%emt 0:00:01]} c5 {[%emt 0:00:01]} 2. Nc3 {[%emt 0:00:01]} e6 {[%emt 0:00:00]} 3. f4 {[%emt 0:00:00]} d5 {[%emt 0:00:01]} 4. exd5 {[%emt 0:00:01]} exd5 {[%emt 0:00:01]} 5. Nf3 {[%emt 0:00:01]} Be6 {[%emt 0:00:01]} 6. d3 {[%emt 0:00:00]} Nc6 {[%emt 0:00:01]} 7. g3 {[%emt 0:00:00]} a6 {[%emt 0:00:00]} 8. Bg2 {[%emt 0:00:00]} Bd6 {[%emt 0:00:01]} 9. O-O {[%emt 0:00:00]} Qc7 {[%emt 0:00:00]} 10. Bd2 {[%emt 0:00:02]} Nf6 {[%emt 0:00:01]} 11. Ne2 {[%emt 0:00:02]} O-O-O {[%emt 0:00:01]} 12. c3 {[%emt 0:00:00]} h5 {[%emt 0:00:01]} 13. d4 {[%emt 0:00:01]} c4 {[%emt 0:00:02]} 14. b3 {[%emt 0:00:01]} g5 {[%emt 0:00:01]} 15. bxc4 {[%emt 0:00:02]} gxf4 {[%emt 0:00:01]} 16. cxd5 {[%emt 0:00:03]} Bxd5 {[%emt 0:00:04]} 17. Ne5 {[%emt 0:00:01]} Nxe5 {[%emt 0:00:02]} 18. dxe5 {[%emt 0:00:05]} Bxe5 {[%emt 0:00:01]} 19. Bxd5 {[%emt 0:00:04]} Rxd5 {[%emt 0:00:04]} 20. Qc2 {[%emt 0:00:00]} Ng4 {[%emt 0:00:02]} 21. Bxf4 {[%emt 0:00:02]} h4 {[%emt 0:00:05]} 22. Bxe5 {[%emt 0:00:01]} Rxe5 {[%emt 0:00:01]} 23. Nf4 {[%emt 0:00:00]} hxg3 {[%emt 0:00:01]} 24. Rad1 {[%emt 0:00:05]} Rxh2 {[%emt 0:00:03]} 25. Qd3 {[%emt 0:00:02]} Qc6 {[%emt 0:00:06]} 26. Rd2 {[%emt 0:00:04]} Qh1# {[%emt 0:00:02] (Lag: Av=0.27s, max=0.6s)} 0-1

[Event "Stay Safe Play From Home 299"]
[Site "Emanuel Lasker Arena"]
[Date "2020.07.13"]
[Round "2"]
[White "Justwatch"]
[Black "NeatFox"]
[Result "1-0"]
[WhiteElo "1618"]
[BlackElo "1854"]
[Annotator "NA RC"]
[PlyCount "103"]
[EventDate "2020.07.13"]
[EventType "swiss (blitz)"]

1. e4 {[%emt 0:00:01]} d5 {[%emt 0:00:01]} 2. exd5 {[%emt 0:00:01]} Qxd5 {[%emt 0:00:02]} 3. Nc3 {[%emt 0:00:00]} Qe6+ {[%emt 0:00:01]} 4. Qe2 {[%emt 0:00:01]} Qxe2+ {[%emt 0:00:01]} 5. Ngxe2 {[%emt 0:00:00]} Nc6 {[%emt 0:00:00]} 6. Ng3 {[%emt 0:00:02]} Nb4 {[%emt 0:00:00]} 7. Bd3 {[%emt 0:00:01]} Nxd3+ {[%emt 0:00:01]} 8. cxd3 {[%emt 0:00:00]} Bg4 {[%emt 0:00:01]} 9. b3 {[%emt 0:00:01]} O-O-O {[%emt 0:00:00]} 10. Bb2 {[%emt 0:00:05]} Rxd3 {[%emt 0:00:02]} 11. Nge4 {[%emt 0:00:02]} Bf5 {[%emt 0:00:22]} 12. f3 {[%emt 0:00:02]} Bxe4 {[%emt 0:00:01]} 13. Nxe4 {[%emt 0:00:00]} Nf6 {[%emt 0:00:01]} 14. Nxf6 {[%emt 0:00:03]} exf6 {[%emt 0:00:00]} 15. Bc3 {[%emt 0:00:01]} Bc5 {[%emt 0:00:02]} 16. Ke2 {[%emt 0:00:01]} Re8+ {[%emt 0:00:00]} 17. Kxd3 {[%emt 0:00:01]} Bb6 {[%emt 0:00:00]} 18. Rae1 {[%emt 0:00:02]} Rd8+ {[%emt 0:00:01]} 19. Kc2 {[%emt 0:00:02]} c6 {[%emt 0:00:01]} 20. Re7 {[%emt 0:00:01]} Bc7 {[%emt 0:00:02]} 21. Rxf7 {[%emt 0:00:01]} Rg8 {[%emt 0:00:01]} 22. h3 {[%emt 0:00:01]} h5 {[%emt 0:00:01]} 23. Re1 {[%emt 0:00:01]} h4 {[%emt 0:00:00]} 24. Ree7 {[%emt 0:00:01]} Bd6 {[%emt 0:00:01]} 25. Rxb7 {[%emt 0:00:01]} Bc5 {[%emt 0:00:01]} 26. Rfc7+ {[%emt 0:00:02]} Kd8 {[%emt 0:00:00]} 27. Rxc6 {[%emt 0:00:01]} Bb6 {[%emt 0:00:01]} 28. Rb8+ {[%emt 0:00:01]} Kd7 {[%emt 0:00:01]} 29. Rcxb6 {[%emt 0:00:01]} axb6 {[%emt 0:00:03]} 30. Rxg8 {[%emt 0:00:01]} Ke6 {[%emt 0:00:00]} 31. Rxg7 {[%emt 0:00:00]} Kf5 {[%emt 0:00:00]} 32. Rb7 {[%emt 0:00:00]} Kg5 {[%emt 0:00:00]} 33. Rxb6 {[%emt 0:00:00]} f5 {[%emt 0:00:00]} 34. Rf6 {[%emt 0:00:00]} f4 {[%emt 0:00:00]} 35. Rf7 {[%emt 0:00:01]} Kg6 {[%emt 0:00:01]} 36. Rxf4 {[%emt 0:00:01]} Kg5 {[%emt 0:00:00]} 37. Rg4+ {[%emt 0:00:00]} Kh5 {[%emt 0:00:01]} 38. Rxh4+ {[%emt 0:00:00]} Kxh4 {[%emt 0:00:01]} 39. a4 {[%emt 0:00:00]} Kg3 {[%emt 0:00:00]} 40. d3 {[%emt 0:00:00]} Kf4 {[%emt 0:00:00]} 41. a5 {[%emt 0:00:00]} Kg3 {[%emt 0:00:00]} 42. a6 {[%emt 0:00:00]} Kf4 {[%emt 0:00:00]} 43. a7 {[%emt 0:00:00]} Kg3 {[%emt 0:00:00]} 44. a8=Q {[%emt 0:00:01]} Kf4 {[%emt 0:00:00]} 45. Qe4+ {[%emt 0:00:00]} Kg3 {[%emt 0:00:00]} 46. Qg4+ {[%emt 0:00:01]} Kf2 {[%emt 0:00:00]} 47. Qh4+ {[%emt 0:00:00]} Kg1 {[%emt 0:00:00]} 48. Qe1+ {[%emt 0:00:00]} Kh2 {[%emt 0:00:01]} 49. Be5+ {[%emt 0:00:01]} Kxg2 {[%emt 0:00:01]} 50. Qg3+ {[%emt 0:00:01]} Kf1 {[%emt 0:00:01]} 51. Bd4 {[%emt 0:00:00]} Ke2 {[%emt 0:00:00]} 52. Qf2# {[%emt 0:00:00] (Lag: Av=0.56s, max=1.1s)} 1-0

[Event "Stay Safe Play From Home 299"]
[Site "Emanuel Lasker Arena"]
[Date "2020.07.13"]
[Round "2"]
[White "Klasman"]
[Black "Haxhi Baha"]
[Result "0-1"]
[WhiteElo "1315"]
[BlackElo "2000"]
[Annotator "TA"]
[PlyCount "38"]
[EventDate "2020.07.13"]
[EventType "swiss (blitz)"]

{[%evp 9,38,28,20,-229,34,31,44,38,37,-146,-146,-133,-99,-230,-227,-396,-260,-350,-208,-509,-23,-31,463,336,331,3,656,656,925,471,464]} 1. f4 e5 2. fxe5 d6 3. Nf3 Bg4 4. e4 dxe5 5. Bc4 Nc6 6. O-O $2 {[#] C30: King's Gambit Declined.} (6. h3 $11 Bxf3 7. Qxf3) 6... Bc5+ $2 ({Black should try} 6... Bxf3 $1 $19 7. Bxf7+ Kxf7 8. Qxf3+ Nf6) 7. Kh1 $1 $14 Nf6 8. c3 {White is slightly better.} O-O {[#]} 9. d4 $146 (9. b4 $14 {keeps the upper hand.} Bb6 10. d3) ({Predecessor:} 9. b4 Be7 10. d3 Nd7 11. Be3 Kh8 12. h3 Bh5 13. Bb3 Bh4 14. Kh2 Bg6 15. Nbd2 {0-1 (37) Ghimpu,S (2006)-Juksta,K (2147) Mamaia 2017}) 9... exd4 $17 10. cxd4 Bxf3 (10... Nxe4 11. Qe2 $11) 11. Qxf3 (11. gxf3 $17 Bxd4 12. Nc3) 11... Qxd4 $19 {[%mdl 64] Double Attack} 12. Bb3 $2 (12. Nd2) 12... Ne5 13. Qf5 Rad8 (13... Nxe4 $142 14. Nc3 Nf2+ 15. Rxf2 Qxf2 16. Qxf2 Bxf2) 14. Bh6 $2 (14. Nc3 {is tougher.}) 14... Rfe8 $2 {[#]} (14... Neg4 $19 15. Bxg7 Kxg7) 15. Bxg7 $1 $11 {[%mdl 512]} Qxe4 $2 {[%mdl 8192]} (15... Nxe4 $15 16. Qxf7+ (16. Bc2 Qf2 $17) 16... Nxf7 17. Bxd4 Bxd4 18. Bxf7+ Kg7) (15... Kxg7 16. Qxf6+) 16. Qxf6 {[%cal Rb3f7]} Qg6 17. Nc3 $2 ({White should play} 17. Qxg6 $18 {[%cal Rb3f7]} hxg6 18. Bxe5 Rxe5 19. Rxf7) 17... Qxf6 $4 {[%mdl 8192]} (17... Qxg7 $11 18. Ne4 Be7) 18. Bxf6 $18 Rd2 19. Bxe5 Rxe5 {[%mdl 32768] Accuracy: White = 16%, Black = 13%. . Loss on time!?} 0-1